[Event "Rated Blitz tournament udvU5rTx"]
[Site "?"]
[Date "2021.05.21"]
[Round "?"]
[White "Kazakg_Fighter"]
[Black "om_gendut"]
[Result "0-1"]
[WhiteElo "2288"]
[BlackElo "2400"]
[PlyCount "58"]
[EventDate "2021.??.??"]
[EventType "blitz"]

1. e4 e5 2. Nf3 d5 3. d4 dxe4 4. Nxe5 Bd6 5. Nc4 Be7 6. Nc3 Nf6 7. Ne3 O-O 8.
Bc4 Nc6 9. Ne2 Re8 10. c3 Bd6 11. O-O Ne7 12. h3 Nf5 13. Nxf5 Bxf5 14. Ng3 Bg6
15. Bg5 h6 16. Be3 Qd7 17. Qb3 c6 18. Rad1 Rad8 19. Ne2 Qc7 20. g3 Bh5 21. Rde1
Qd7 22. Kh2 Bf3 23. Nf4 g5 24. Ne2 b5 25. Bxb5 cxb5 26. Ng1 Qf5 27. Nxf3 exf3
28. Bd2 Kg7 29. Qc2 Qxc2 {Normal} 0-1

[Event "Rated Blitz tournament udvU5rTx"]
[Site "?"]
[Date "2021.05.21"]
[Round "?"]
[White "AdamChess2002"]
[Black "Magical_Cat"]
[Result "0-1"]
[WhiteElo "2354"]
[BlackElo "2475"]
[PlyCount "24"]
[EventDate "2021.??.??"]
[EventType "blitz"]

1. e4 e5 2. Nf3 d5 3. exd5 e4 4. Nd4 Qxd5 5. Nb3 Nf6 6. Nc3 Qe5 7. Be2 Nc6 8.
d4 exd3 9. Qxd3 Be6 10. Qg3 Bd6 11. Nb5 Qxe2+ 12. Kxe2 Bxg3 {Normal} 0-1

[Event "Rated Blitz tournament udvU5rTx"]
[Site "?"]
[Date "2021.05.21"]
[Round "?"]
[White "Trankuilizer"]
[Black "Arkadag2020"]
[Result "1-0"]
[WhiteElo "2521"]
[BlackElo "2550"]
[PlyCount "71"]
[EventDate "2021.??.??"]
[EventType "blitz"]

1. e4 e5 2. Nf3 d5 3. d4 dxe4 4. Nxe5 Be6 5. c4 Nf6 6. d5 Bf5 7. g4 Bb4+ 8. Bd2
Bxd2+ 9. Nxd2 Bg6 10. Qa4+ Nbd7 11. g5 O-O 12. Nxg6 hxg6 13. gxf6 Nxf6 14.
O-O-O c6 15. dxc6 Qc7 16. cxb7 Qxb7 17. Be2 Rab8 18. Nb3 Rfc8 19. Kb1 e3 20.
fxe3 Qe4+ 21. Bd3 Qxe3 22. Rhe1 Qf2 23. Re2 Qf3 24. Nd4 Qg4 25. Nc6 Rb7 26.
Ne7+ Rxe7 27. Rxe7 Rd8 28. Ree1 Qh3 29. Qc2 Rc8 30. c5 Qh5 31. c6 Qa5 32. Rc1
Nd5 33. Be4 Nb4 34. Qc4 Kh7 35. a3 Na6 36. Qxf7 {Normal} 1-0

[Event "Rated Blitz tournament udvU5rTx"]
[Site "?"]
[Date "2021.05.21"]
[Round "?"]
[White "Arkadag2020"]
[Black "dr_xStranger"]
[Result "0-1"]
[WhiteElo "2530"]
[BlackElo "2560"]
[PlyCount "158"]
[EventDate "2021.??.??"]
[EventType "blitz"]

1. e4 e5 2. Nf3 d5 3. exd5 e4 4. Qe2 Nf6 5. d3 Bb4+ 6. c3 O-O 7. dxe4 Bc5 8.
Bg5 Re8 9. Nbd2 c6 10. Nb3 Be7 11. O-O-O cxd5 12. exd5 h6 13. d6 hxg5 14. dxe7
Qxe7 15. Qxe7 Rxe7 16. Rd8+ Re8 17. Rxe8+ Nxe8 18. Nxg5 Nc6 19. Bd3 Nf6 20. Re1
Bg4 21. f3 Bd7 22. Nc5 b6 23. Nxd7 Nxd7 24. Bb5 Rc8 25. Bxc6 Rxc6 26. Re7 Rd6
27. Nxf7 Rd5 28. c4 Rd4 29. Ng5 Rxc4+ 30. Kb1 Nf6 31. Ne6 Nh5 32. Rxa7 Rc6 33.
Re7 Rd6 34. g4 Nf6 35. Rxg7+ Kh8 36. Re7 Kg8 37. h4 Nd5 38. Rg7+ Kh8 39. Rg6
Nb4 40. b3 Rd2 41. a3 Nd3 42. b4 b5 43. Rg5 Nb2 44. Rxb5 Nc4 45. Rb8+ Kh7 46.
Kc1 Rh2 47. Ng5+ Kg6 48. Rc8 Nxa3 49. Rc6+ Kg7 50. Rc7+ Kf6 51. f4 Rxh4 52.
Rc6+ Ke7 53. Ra6 Nb5 54. Ra5 Nd4 55. Ra7+ Kd6 56. Ne4+ Kd5 57. Nf6+ Kc4 58. Rb7
Rh2 59. g5 Kc3 60. Rc7+ Kxb4 61. Rd7 Kc3 62. Rxd4 Kxd4 63. g6 Rg2 64. f5 Ke5
65. Nh5 Kxf5 66. g7 Ke6 67. Kd1 Kf7 68. Nf4 Rxg7 69. Ne2 Rg4 70. Kd2 Ra4 71.
Kd3 Ra8 72. Nc3 Ke6 73. Kc4 Kd6 74. Kd4 Rc8 75. Ne4+ Ke6 76. Ng5+ Kf5 77. Ne4
Rd8+ 78. Ke3 Re8 79. Kf3 Rxe4 {Normal} 0-1

[Event "Rated Rapid game"]
[Site "?"]
[Date "2021.05.21"]
[Round "?"]
[White "Sahabat_mf"]
[Black "Delyvj"]
[Result "1-0"]
[WhiteElo "2442"]
[BlackElo "2470"]
[PlyCount "85"]
[EventDate "2021.??.??"]
[EventType "rapid"]

1. e4 e5 2. Nf3 d5 3. exd5 e4 4. Qe2 f5 5. d3 Qxd5 6. dxe4 fxe4 7. Nc3 Bb4 8.
Nd2 Bxc3 9. bxc3 Bf5 10. f3 Nf6 11. Ba3 Nc6 12. Rd1 O-O-O 13. Nxe4 Qxd1+ 14.
Qxd1 Rxd1+ 15. Kxd1 Bxe4 16. fxe4 Nxe4 17. Kc1 Nxc3 18. Bb2 Nd5 19. Bxg7 Rg8
20. Bb2 Ne3 21. Bd3 Rxg2 22. Bxh7 Nb4 23. Be4 Re2 24. Bf3 Rf2 25. Be4 Nbxc2 26.
h4 Nb4 27. h5 Nxa2+ 28. Kb1 Nc4 29. Bd4 Rd2 30. Bf5+ Kd8 31. Bf6+ Ke8 32. Bg6+
Kf8 33. h6 Na3+ 34. Ka1 Nb4 35. Bg7+ Ke7 36. Bb1 Nc4 37. Bc3 Nc2+ 38. Bxc2 Rxc2
39. Bb4+ c5 40. Bxc5+ Kd7 41. h7 Ne5 42. h8=Q Rxc5 43. Qf6 {Time forfeit} 1-0

[Event "Rated Blitz game"]
[Site "?"]
[Date "2021.05.21"]
[Round "?"]
[White "SHIELD2020"]
[Black "DonCroccante"]
[Result "1-0"]
[WhiteElo "2578"]
[BlackElo "2483"]
[PlyCount "49"]
[EventDate "2021.??.??"]
[EventType "blitz"]

1. e4 e5 2. Nf3 d5 3. exd5 e4 4. Nd4 Qxd5 5. Nb3 Nc6 6. Nc3 Qe5 7. Bb5 Bd6 8.
Qe2 Nf6 9. d4 Qf5 10. O-O O-O 11. d5 Ne5 12. Nd4 Nf3+ 13. gxf3 Qh5 14. f4 Bg4
15. f3 exf3 16. Nxf3 Bc5+ 17. Kh1 Nxd5 18. Nxd5 Qxd5 19. Bc4 Qc6 20. Qg2 Bf5
21. Bd3 Be6 22. Ng5 Bd5 23. Bxh7+ Kh8 24. Be4 Bxe4 25. Nxe4 {Normal} 1-0

[Event "Rated Blitz tournament udvU5rTx"]
[Site "?"]
[Date "2021.05.21"]
[Round "?"]
[White "Mischuk_D"]
[Black "om_gendut"]
[Result "1-0"]
[WhiteElo "2565"]
[BlackElo "2393"]
[PlyCount "83"]
[EventDate "2021.??.??"]
[EventType "blitz"]

1. e4 e5 2. Nf3 d5 3. Nc3 dxe4 4. Nxe4 Nf6 5. Nxf6+ Qxf6 6. Bc4 Bd6 7. d3 h6 8.
O-O O-O 9. Re1 Nc6 10. h3 Bf5 11. Be3 Rad8 12. Nd2 Qg6 13. Qf3 Bd7 14. Ne4 Be7
15. Ng3 Kh7 16. Qh5 Qxh5 17. Nxh5 g6 18. Ng3 Bd6 19. Ne4 Be7 20. Bc5 Bxc5 21.
Nxc5 Bc8 22. Bb5 Nd4 23. Ba4 b6 24. Ne4 f5 25. Ng3 b5 26. Bb3 Nc6 27. a4 b4 28.
Bc4 Bd7 29. Bb5 Nd4 30. Rxe5 Bxb5 31. axb5 Rf7 32. Rxa7 Nxc2 33. Rc5 Nd4 34. b6
Ne6 35. Rc6 Nf8 36. Rcxc7 Rxc7 37. Rxc7+ Kg8 38. b7 Rb8 39. Ne2 g5 40. Nd4 f4
41. Nc6 Rxb7 42. Rxb7 {Normal} 1-0

[Event "Rated Blitz game"]
[Site "?"]
[Date "2021.05.21"]
[Round "?"]
[White "LGNR"]
[Black "khalid_ontawar"]
[Result "0-1"]
[WhiteElo "2399"]
[BlackElo "2439"]
[PlyCount "36"]
[EventDate "2021.??.??"]
[EventType "blitz"]

1. e4 e5 2. Nf3 d5 3. d4 dxe4 4. Nxe5 Be6 5. Nc3 Nf6 6. Bg5 Be7 7. Be2 Nbd7 8.
f4 exf3 9. Nxf3 O-O 10. O-O b6 11. Qe1 Nd5 12. Bd2 Nxc3 13. bxc3 Nf6 14. Bd3
Re8 15. Ng5 Bd5 16. Qg3 Bd6 17. Qh4 h6 18. Nxf7 Bxf7 {Normal} 0-1

[Event "Rated Rapid game"]
[Site "?"]
[Date "2021.05.21"]
[Round "?"]
[White "naborjs"]
[Black "Delyvj"]
[Result "0-1"]
[WhiteElo "2404"]
[BlackElo "2482"]
[PlyCount "58"]
[EventDate "2021.??.??"]
[EventType "rapid"]

1. e4 e5 2. Nf3 d5 3. Nxe5 dxe4 4. d4 exd3 5. Bxd3 Nd7 6. Nc4 Nb6 7. Ne5 Bd6 8.
Nf3 Bg4 9. O-O Ne7 10. Nc3 c6 11. Bg5 f6 12. Be3 Qc7 13. h3 Bh5 14. Re1 O-O-O
15. Qe2 Rde8 16. a4 Kb8 17. Qd2 Nbd5 18. Bd4 Bxf3 19. gxf3 Bf4 20. Qe2 Qd7 21.
Be3 Qxh3 22. Qd2 Bh2+ 23. Kh1 Ng6 24. Bf1 Qh5 25. Nxd5 Bf4+ 26. Bh3 Qxh3+ 27.
Kg1 Bh2+ 28. Kh1 Nh4 29. Rg1 Bg3# {Normal} 0-1

[Event "Rated Blitz tournament udvU5rTx"]
[Site "?"]
[Date "2021.05.21"]
[Round "?"]
[White "player__1"]
[Black "Magical_Cat"]
[Result "1-0"]
[WhiteElo "2593"]
[BlackElo "2471"]
[PlyCount "87"]
[EventDate "2021.??.??"]
[EventType "blitz"]

1. e4 e5 2. Nf3 d5 3. Nc3 d4 4. Ne2 Nc6 5. Ng3 Nf6 6. Bb5 h5 7. Nxe5 Qd6 8. f4
h4 9. Nf5 Bxf5 10. exf5 Nd7 11. Qe2 O-O-O 12. Bxc6 Nxe5 13. Bxb7+ Kb8 14. fxe5
Qc5 15. Be4 Qxe5 16. d3 Bd6 17. Bd2 Rde8 18. O-O-O Qxf5 19. Bxf5 Rxe2 20. Be4
g6 21. Bf3 Re6 22. Rde1 Rhe8 23. Kd1 Kc8 24. Rxe6 Rxe6 25. Re1 Rf6 26. Bc6 Be5
27. Rxe5 Rxc6 28. Re4 h3 29. gxh3 Ra6 30. a3 Rb6 31. Bc1 Ra6 32. Rxd4 Re6 33.
Re4 Rf6 34. Rf4 Re6 35. Rxf7 Rb6 36. Bf4 g5 37. Rxc7+ Kd8 38. Be5 Rh6 39. d4
Rxh3 40. Rxa7 Ke8 41. d5 Kd8 42. d6 g4 43. Bf6+ Kc8 44. d7+ {Normal} 1-0

[Event "Rated Blitz game"]
[Site "?"]
[Date "2021.05.21"]
[Round "?"]
[White "hmnotanatix"]
[Black "Buscapina"]
[Result "0-1"]
[WhiteElo "2510"]
[BlackElo "2521"]
[PlyCount "104"]
[EventDate "2021.??.??"]
[EventType "blitz"]

1. e4 e5 2. Nf3 d5 3. d3 dxe4 4. dxe4 Qxd1+ 5. Kxd1 Nc6 6. Bb5 Bg4 7. Bxc6+
bxc6 8. Nbd2 O-O-O 9. Ke1 Bd6 10. h3 Bh5 11. Nc4 Bg6 12. Nfd2 f5 13. exf5 Bxf5
14. c3 Nf6 15. Ne3 Bg6 16. f3 Nd5 17. Ng4 Nf4 18. Kf1 Bd3+ 19. Kf2 Bc5+ 20. Kg3
h5 21. Nxe5 Ne2+ 22. Kh2 Bd6 23. f4 Nxf4 24. Ndf3 Ng6 25. Re1 Rde8 26. Kg1 Nxe5
27. Nxe5 Rxe5 28. Rxe5 Bxe5 29. Be3 Kb7 30. Rd1 Bc4 31. b3 Bd5 32. c4 Be6 33.
Re1 Bf6 34. Bxa7 Bxc4 35. Be3 Bd5 36. Bf4 Ra8 37. Re2 Ra5 38. Kf2 Rc5 39. g3
Bd4+ 40. Ke1 Rc3 41. Kd2 h4 42. gxh4 Rxh3 43. Re7 Rxh4 44. Bxc7 Bf6 45. Rd7 Be6
46. Rd6 Kxc7 47. Rxe6 Rh2+ 48. Kd3 Rxa2 49. Kc4 Kb6 50. b4 Rc2+ 51. Kb3 Rh2 52.
Kc4 Rh3 {Time forfeit} 0-1

[Event "Rated Blitz game"]
[Site "?"]
[Date "2021.05.21"]
[Round "?"]
[White "TMViktoker"]
[Black "anjaya01"]
[Result "1-0"]
[WhiteElo "2413"]
[BlackElo "2405"]
[PlyCount "61"]
[EventDate "2021.??.??"]
[EventType "blitz"]

1. e4 e5 2. Nf3 d5 3. exd5 Bd6 4. Nc3 f5 5. d4 e4 6. Ne5 Nf6 7. Bg5 O-O 8. Bc4
a6 9. a4 h6 10. Bf4 g5 11. Bd2 Nbd7 12. Nxd7 Bxd7 13. Qe2 Kg7 14. h4 f4 15.
hxg5 hxg5 16. O-O-O b5 17. Ba2 e3 18. fxe3 Bg4 19. Qd3 Bxd1 20. Nxd1 Qe8 21. c3
Qg6 22. Qe2 Rae8 23. Bb1 Ne4 24. Qd3 bxa4 25. Nf2 fxe3 26. Nxe4 exd2+ 27. Nxd2
Qxd3 28. Bxd3 Rf2 29. Rh7+ Kg8 30. Rh5 a3 31. Bh7+ {Time forfeit} 1-0

[Event "Rated Blitz game"]
[Site "?"]
[Date "2021.05.21"]
[Round "?"]
[White "Machinegunusa"]
[Black "Monkey_King"]
[Result "1-0"]
[WhiteElo "2595"]
[BlackElo "2543"]
[PlyCount "35"]
[EventDate "2021.??.??"]
[EventType "blitz"]

1. e4 e5 2. Nf3 d5 3. d4 dxe4 4. Nxe5 Bd6 5. Qh5 Qe7 6. Bc4 Bxe5 7. dxe5 Nc6 8.
Bf4 Be6 9. Bxe6 Qxe6 10. Nc3 O-O-O 11. O-O Nge7 12. Nxe4 Ng6 13. Bg3 Ngxe5 14.
Ng5 Qf5 15. f4 Ng4 16. Qxf7 Qc5+ 17. Kh1 Rhe8 18. Ne6 {Normal} 1-0

[Event "Rated Blitz game"]
[Site "?"]
[Date "2021.05.21"]
[Round "?"]
[White "Pussboots"]
[Black "Monkey_King"]
[Result "0-1"]
[WhiteElo "2512"]
[BlackElo "2549"]
[PlyCount "57"]
[EventDate "2021.??.??"]
[EventType "blitz"]

1. e4 e5 2. Nf3 d5 3. d4 dxe4 4. Nxe5 Bd6 5. Nc4 f5 6. Nxd6+ cxd6 7. c4 Nf6 8.
Nc3 O-O 9. Be2 Nc6 10. O-O d5 11. Bg5 Be6 12. Rc1 Kh8 13. cxd5 Bxd5 14. a3 h6
15. Bf4 Be6 16. Nb5 Nd5 17. Be5 f4 18. Bc4 f3 19. g3 Qg5 20. Bxd5 Bxd5 21. Re1
Qg4 22. Kh1 Qh3 23. Rg1 e3 24. Qf1 Qg2+ 25. Qxg2 fxg2+ 26. Rxg2 Rxf2 27. Rcg1
Raf8 28. Bf4 Rxg2 29. Nc3 {Normal} 0-1

[Event "Rated Blitz tournament udvU5rTx"]
[Site "?"]
[Date "2021.05.21"]
[Round "?"]
[White "vajda_albert"]
[Black "Magical_Cat"]
[Result "1-0"]
[WhiteElo "2501"]
[BlackElo "2434"]
[PlyCount "81"]
[EventDate "2021.??.??"]
[EventType "blitz"]

1. e4 e5 2. Nf3 d5 3. d3 Nc6 4. Nbd2 f6 5. g3 f5 6. Bg2 Nf6 7. O-O Be7 8. c3
dxe4 9. dxe4 Nxe4 10. Nxe4 Qxd1 11. Rxd1 fxe4 12. Ng5 Bg4 13. Re1 Bxg5 14. Bxg5
O-O 15. Bxe4 h6 16. Be3 Rad8 17. Kg2 Rf6 18. f3 Be6 19. Red1 Rxd1 20. Rxd1 Bxa2
21. Ra1 Bf7 22. Bxa7 Bg6 23. Be3 Bxe4 24. fxe4 b6 25. Rd1 Kh7 26. Rd7 Na5 27.
Rxc7 b5 28. Rc5 Nc4 29. Bg1 Nxb2 30. Rxb5 Nd3 31. Rd5 Ne1+ 32. Kh3 g5 33. Rxe5
Nf3 34. Re7+ Kg6 35. Bd4 Nxd4 36. cxd4 h5 37. Kg2 Ra6 38. e5 Ra2+ 39. Kf3 Rxh2
40. Re6+ Kf5 41. Rf6# {Normal} 1-0

[Event "Rated Blitz game"]
[Site "?"]
[Date "2021.05.21"]
[Round "?"]
[White "kambizbarati"]
[Black "magos33"]
[Result "1/2-1/2"]
[WhiteElo "2352"]
[BlackElo "2408"]
[PlyCount "129"]
[EventDate "2021.??.??"]
[EventType "blitz"]

1. e4 e5 2. Nf3 d5 3. Bb5+ c6 4. Bd3 dxe4 5. Bxe4 Nf6 6. d3 Nxe4 7. dxe4 Qxd1+
8. Kxd1 f6 9. Be3 Bg4 10. Nbd2 Nd7 11. h3 Bh5 12. Ke2 Bc5 13. c3 O-O-O 14. b4
Bxe3 15. Kxe3 Nb6 16. g4 Bf7 17. Nb3 Nc4+ 18. Ke2 b6 19. Rhd1 Kc7 20. Nfd2 Rd6
21. Nxc4 Bxc4+ 22. Ke3 Rhd8 23. Rxd6 Rxd6 24. f3 Rd3+ 25. Kf2 Rxc3 26. Nd2 Rc2
27. Ke3 Rxa2 28. Rxa2 Bxa2 29. f4 Kd6 30. f5 a5 31. bxa5 bxa5 32. Kd3 c5 33. h4
a4 34. Kc3 a3 35. g5 Bf7 36. Nf3 Bh5 37. Nd2 Bd1 38. Nc4+ Kc6 39. Nxa3 Bf3 40.
Kd3 fxg5 41. hxg5 h5 42. Ke3 Bd1 43. Nc4 h4 44. g6 Kd7 45. Nxe5+ Ke7 46. Kf4 h3
47. Kg3 Bc2 48. Kxh3 Bxe4 49. Kg4 Kf6 50. Kf4 Bxf5 51. Nc6 Bxg6 52. Ne5 Bf5 53.
Nf3 c4 54. Ne1 c3 55. Nf3 c2 56. Nd4 c1=Q+ 57. Kf3 Qc3+ 58. Kf2 Qxd4+ 59. Kg3
Qg4+ 60. Kf2 Qh3 61. Ke1 Qg2 62. Kd1 Ke5 63. Kc1 Kd4 64. Kd1 Kd3 65. Ke1 {
Time forfeit} 1/2-1/2

[Event "Rated Blitz tournament hAxCDbC7"]
[Site "?"]
[Date "2021.05.21"]
[Round "?"]
[White "Ryssy"]
[Black "GoughPhar"]
[Result "0-1"]
[WhiteElo "2423"]
[BlackElo "2448"]
[PlyCount "128"]
[EventDate "2021.??.??"]
[EventType "blitz"]

1. e4 e5 2. Nf3 d5 3. Nxe5 Bd6 4. d4 dxe4 5. Nc4 Nf6 6. Nxd6+ Qxd6 7. Nc3 Nc6
8. Be3 O-O 9. h3 Ne7 10. Bc4 Nf5 11. Qd2 c6 12. O-O-O b5 13. Bb3 a5 14. a4 bxa4
15. Nxa4 Be6 16. Bxe6 Qxe6 17. Qc3 Nd5 18. Qa3 Nb4 19. Rd2 Rfb8 20. Nc5 Qc4 21.
Nd7 Nd3+ 22. Rxd3 exd3 23. Qxd3 Qxd3 24. cxd3 Rd8 25. Ne5 Nxd4 26. Kd2 Rab8 27.
Rb1 Nb3+ 28. Ke2 Rbc8 29. g4 f6 30. Nc4 Nd4+ 31. Kd2 a4 32. Kc3 Nb5+ 33. Kd2
Rb8 34. Ra1 Ra8 35. Nb6 Ra6 36. Rxa4 Rxa4 37. Nxa4 Kf7 38. Nc5 Nd6 39. Kc3 f5
40. b4 fxg4 41. hxg4 g6 42. Bf4 h5 43. gxh5 gxh5 44. d4 h4 45. Nd3 h3 46. Ne5+
Ke6 47. Nf3 Kd5 48. Ng5 Ne4+ 49. Nxe4 Kxe4 50. Be5 Rf8 51. Kc4 Rxf2 52. Kc5
Rc2+ 53. Kd6 Kd3 54. d5 cxd5 55. Kxd5 h2 56. Bxh2 Rxh2 57. b5 Rh5+ 58. Kc6 Rh6+
59. Kc7 Kc4 60. b6 Rh7+ 61. Kc8 Rh8+ 62. Kc7 Kb5 63. b7 Rh7+ 64. Kc8 Rh8+ {
Time forfeit} 0-1

[Event "Rated Blitz game"]
[Site "?"]
[Date "2021.05.21"]
[Round "?"]
[White "LabutinAa"]
[Black "DonCroccante"]
[Result "1-0"]
[WhiteElo "2457"]
[BlackElo "2470"]
[PlyCount "74"]
[EventDate "2021.??.??"]
[EventType "blitz"]

1. e4 e5 2. Nf3 d5 3. exd5 e4 4. Nd4 Qxd5 5. Nb3 Nc6 6. Nc3 Qe5 7. Be2 Nf6 8.
d4 exd3 9. Qxd3 Bf5 10. Qb5 O-O-O 11. Qxe5 Nxe5 12. Bf4 Ng6 13. Bg5 Bxc2 14.
O-O Be7 15. Rfc1 Bf5 16. Nb5 c6 17. Nxa7+ Kb8 18. Be3 Nd5 19. Bd4 Ndf4 20. Bf3
Rxd4 21. Nxd4 Bd7 22. Naxc6+ bxc6 23. Nxc6+ Bxc6 24. Rxc6 Bf6 25. Rb6+ Kc7 26.
Rb7+ Kd6 27. Rd1+ Ke6 28. Rb6+ Ke7 29. Re1+ Kd7 30. Rb7+ Kd6 31. Rxf7 Bxb2 32.
Rb7 Bf6 33. g3 Nd3 34. Rd1 Nge5 35. Be4 Rd8 36. Bxd3 Kc6 37. Be4+ Kc5 {Normal}
1-0

[Event "Rated Blitz game"]
[Site "?"]
[Date "2021.05.21"]
[Round "?"]
[White "viburnum"]
[Black "annaly1979"]
[Result "0-1"]
[WhiteElo "2440"]
[BlackElo "2420"]
[PlyCount "70"]
[EventDate "2021.??.??"]
[EventType "blitz"]

1. e4 e5 2. Nf3 d5 3. exd5 e4 4. Ne5 Bd6 5. d4 Nf6 6. Nc3 h6 7. Be2 O-O 8. h3
Bf5 9. Bf4 Nbd7 10. Qd2 a6 11. O-O Qe7 12. Nxd7 Qxd7 13. Rfe1 Rfe8 14. Bc4 b5
15. Bb3 b4 16. Na4 Qe7 17. Rac1 Nh5 18. Bxd6 Qxd6 19. g4 Nf4 20. gxf5 Nxh3+ 21.
Kh1 Ng5 22. Qe3 Nf3 23. Kg2 Qh2+ 24. Kf1 Qh3+ 25. Ke2 Qg4 26. Rf1 Nxd4+ 27. Ke1
Nf3+ 28. Ke2 Rad8 29. Rcd1 Re5 30. Nc5 a5 31. Na6 a4 32. Bxa4 Rexd5 33. Rxd5
Rxd5 34. Nxc7 Ng1+ 35. Ke1 Rd1# {Normal} 0-1

[Event "Rated Blitz game"]
[Site "?"]
[Date "2021.05.21"]
[Round "?"]
[White "forgedinfire"]
[Black "magos33"]
[Result "0-1"]
[WhiteElo "2449"]
[BlackElo "2380"]
[PlyCount "37"]
[EventDate "2021.??.??"]
[EventType "blitz"]

1. e4 e5 2. Nf3 d5 3. d4 dxe4 4. Nxe5 Bd6 5. Bf4 Nf6 6. Bc4 O-O 7. O-O Bf5 8.
c3 Qe7 9. Re1 Nbd7 10. Nxd7 Qxd7 11. Bxd6 Qxd6 12. Nd2 c6 13. Nf1 Rfe8 14. Qb3
Qd7 15. Rad1 b5 16. Be2 Bg4 17. Ng3 a6 18. Bxg4 Qxg4 19. Rd2 {Normal} 0-1

[Event "Rated Blitz game"]
[Site "?"]
[Date "2021.05.21"]
[Round "?"]
[White "RafaelCabral"]
[Black "Razario90"]
[Result "1-0"]
[WhiteElo "2331"]
[BlackElo "2419"]
[PlyCount "63"]
[EventDate "2021.??.??"]
[EventType "blitz"]

1. e4 e5 2. Nf3 d5 3. Bc4 dxc4 4. Nxe5 Qe7 5. Nxc4 Qxe4+ 6. Ne3 Bc5 7. O-O Bxe3
8. Re1 Be6 9. Rxe3 Qc6 10. d4 Ne7 11. c4 Qxc4 12. Rc3 Qd5 13. Rxc7 Nbc6 14. Be3
Rb8 15. Nc3 Qd8 16. Bf4 Qxd4 17. Qf3 O-O 18. Rd1 Qb6 19. Bd6 Rfd8 20. Qf4 Ng6
21. Qg3 Rbc8 22. Rxc8 Rxc8 23. h4 h5 24. Qg5 Qxb2 25. Ne4 Qc2 26. Re1 Nd4 27.
Qxh5 Bf5 28. Ng5 Nf8 29. Qxf7+ Kh8 30. Bxf8 Ne2+ 31. Rxe2 Qxe2 32. Qxg7# {
Normal} 1-0

[Event "Rated Blitz game"]
[Site "?"]
[Date "2021.05.21"]
[Round "?"]
[White "ljdr"]
[Black "DonCroccante"]
[Result "1-0"]
[WhiteElo "2496"]
[BlackElo "2474"]
[PlyCount "45"]
[EventDate "2021.??.??"]
[EventType "blitz"]

1. e4 e5 2. Nf3 d5 3. exd5 e4 4. Qe2 Nf6 5. d3 Be7 6. dxe4 O-O 7. Nc3 c6 8. d6
Bxd6 9. e5 Bb4 10. exf6 Re8 11. Be3 Qxf6 12. Qc4 Na6 13. O-O-O Be6 14. Qd4 Qg6
15. Bxa6 c5 16. Qe4 Bf5 17. Qxb7 Rab8 18. Nh4 Qg4 19. Qf3 Qxh4 20. Qxf5 Bxc3
21. bxc3 Qa4 22. Bd3 g6 23. Qxc5 {Normal} 1-0

[Event "Rated Blitz game"]
[Site "?"]
[Date "2021.05.21"]
[Round "?"]
[White "General-Disarray"]
[Black "KinzyabulatovRenat"]
[Result "1-0"]
[WhiteElo "2575"]
[BlackElo "2434"]
[PlyCount "67"]
[EventDate "2021.??.??"]
[EventType "blitz"]

1. e4 e5 2. Nf3 d5 3. exd5 e4 4. Qe2 Nf6 5. d3 Qxd5 6. Nc3 Bb4 7. Ng5 Bf5 8.
dxe4 Bxe4 9. f3 O-O 10. Ngxe4 Nc6 11. Qc4 Qe5 12. Be3 Rad8 13. Bd3 Rfe8 14. O-O
Bxc3 15. Qxc3 Qxc3 16. bxc3 Nd5 17. Bd4 Nf4 18. Bb5 Re6 19. Bxc6 Rxc6 20. Kf2
f5 21. Nd2 Ne6 22. Nb3 b6 23. Be5 Rd5 24. f4 g5 25. Rfd1 Rxd1 26. Rxd1 gxf4 27.
Kf3 Kf7 28. Rd7+ Kg6 29. h4 Rc4 30. Nd2 Ra4 31. Re7 Nc5 32. Bxf4 Rxa2 33. Nc4
Rxc2 34. Ne5+ {Time forfeit} 1-0

[Event "Rated Blitz tournament udvU5rTx"]
[Site "?"]
[Date "2021.05.21"]
[Round "?"]
[White "gogotaniye"]
[Black "Arkadag2020"]
[Result "1-0"]
[WhiteElo "2765"]
[BlackElo "2552"]
[PlyCount "57"]
[EventDate "2021.??.??"]
[EventType "blitz"]

1. e4 e5 2. Nf3 d5 3. exd5 e4 4. Qe2 Be7 5. Qxe4 Nf6 6. Qa4+ c6 7. dxc6 O-O 8.
cxb7 Bxb7 9. Be2 Bc6 10. Qb3 Qc7 11. O-O Nbd7 12. d4 Rab8 13. Qc4 Bd6 14. Nc3
Rfe8 15. d5 Nxd5 16. Nxd5 Bxd5 17. Qxd5 Rxe2 18. Be3 Nf6 19. Qd3 Rxc2 20. Rac1
Rbxb2 21. Rxc2 Rxc2 22. Nd4 Rc3 23. Qf5 Bxh2+ 24. Kh1 Be5 25. Nb5 Qc4 26. Rb1
Qh4+ 27. Qh3 Qxh3+ 28. gxh3 a6 29. Nxc3 {Normal} 1-0

[Event "Rated Blitz tournament veZBZVzZ"]
[Site "?"]
[Date "2021.05.21"]
[Round "?"]
[White "GMJOEY93"]
[Black "iwak_peyek"]
[Result "1-0"]
[WhiteElo "2681"]
[BlackElo "2244"]
[PlyCount "75"]
[EventDate "2021.??.??"]
[EventType "blitz"]

1. e4 e5 2. Nf3 d5 3. d4 dxe4 4. Nxe5 Bd6 5. Nc4 Nf6 6. Bg5 h6 7. Bh4 Bf5 8.
Nc3 Nbd7 9. Be2 g5 10. Bg3 Bxg3 11. hxg3 Nb6 12. Qd2 Nxc4 13. Bxc4 a6 14. Qxg5
hxg5 15. Rxh8+ Ke7 16. Rxd8 Rxd8 17. O-O-O Ng4 18. Rd2 c6 19. Nd1 Bg6 20. f3
Nf6 21. c3 b5 22. Bb3 Nh5 23. g4 Nf4 24. Bc2 exf3 25. gxf3 Bxc2 26. Kxc2 Rh8
27. Nf2 Rh2 28. Ne4 Rxd2+ 29. Kxd2 f6 30. b4 Nd5 31. Nc5 Nc7 32. Kd3 Kd6 33.
Ke4 Nd5 34. Kd3 Nc7 35. a4 bxa4 36. Nxa4 Ke6 37. Nc5+ Kd6 38. c4 {Normal} 1-0

[Event "Rated Blitz game"]
[Site "?"]
[Date "2021.05.21"]
[Round "?"]
[White "HarryG7227"]
[Black "khalid_ontawar"]
[Result "1/2-1/2"]
[WhiteElo "2610"]
[BlackElo "2429"]
[PlyCount "174"]
[EventDate "2021.??.??"]
[EventType "blitz"]

1. e4 e5 2. Nf3 d5 3. exd5 e4 4. Qe2 Nf6 5. d3 Bf5 6. Nc3 Bb4 7. Nd4 Bxc3+ 8.
bxc3 Bg6 9. Bg5 O-O 10. dxe4 Re8 11. f3 Qd6 12. Bxf6 Qxf6 13. O-O-O c5 14. Nb5
a6 15. Nc7 Qf4+ 16. Qd2 Qxc7 17. d6 Qd7 18. h4 f6 19. h5 Bf7 20. h6 g6 21. Qf4
Qe6 22. Bc4 Qe5 23. Bxf7+ Kxf7 24. Qg4 Qg5+ 25. Qxg5 fxg5 26. Rd5 Nd7 27. Rxg5
Re5 28. Rxe5 Nxe5 29. f4 Nd7 30. Rd1 Re8 31. e5 Ke6 32. c4 Rf8 33. g3 Rf5 34.
Rh1 g5 35. Rh5 gxf4 36. Rxf5 Kxf5 37. gxf4 Ke6 38. Kd2 b5 39. Ke3 Kf5 40. a3
Nf8 41. cxb5 axb5 42. c4 b4 43. axb4 cxb4 44. c5 Ne6 45. c6 b3 46. Kd3 Nc5+ 47.
Kc3 b2 48. Kxb2 Ke6 49. f5+ Kxe5 50. c7 Kxd6 51. c8=Q Nd3+ 52. Kc3 Nc5 53. Qf8+
Kd5 54. Qxc5+ Kxc5 55. f6 Kd6 56. f7 Ke7 57. f8=Q+ Kxf8 58. Kd4 Kf7 59. Ke3 Kg6
60. Kf4 Kxh6 61. Kg4 Kg6 62. Kh4 Kh6 63. Kh3 Kg5 64. Kg3 Kh5 65. Kh3 Kg5 66.
Kg3 Kh5 67. Kh3 h6 68. Kg3 Kg5 69. Kh3 h5 70. Kg3 h4+ 71. Kh3 Kh5 72. Kh2 Kg4
73. Kg2 h3+ 74. Kh2 Kh4 75. Kh1 Kg3 76. Kg1 Kf3 77. Kh1 Kg4 78. Kg1 Kg5 79. Kh1
Kh4 80. Kg1 Kh5 81. Kh1 Kg4 82. Kg1 Kg3 83. Kh1 Kh4 84. Kg1 Kg5 85. Kh1 Kf5 86.
Kg1 Kg4 87. Kh1 Kh4 {Normal} 1/2-1/2

[Event "Rated Blitz game"]
[Site "?"]
[Date "2021.05.21"]
[Round "?"]
[White "Alejandropacheco29"]
[Black "DonCroccante"]
[Result "1/2-1/2"]
[WhiteElo "2488"]
[BlackElo "2484"]
[PlyCount "90"]
[EventDate "2021.??.??"]
[EventType "blitz"]

1. e4 e5 2. Nf3 d5 3. exd5 e4 4. Qe2 Nf6 5. d3 Be7 6. dxe4 O-O 7. Bf4 b6 8.
Nbd2 c6 9. c4 Re8 10. O-O-O cxd5 11. cxd5 Bb4 12. Qd3 Nbd7 13. Be3 a5 14. Kb1
Ba6 15. Qb3 Nxe4 16. Nxe4 Rxe4 17. Bxa6 Rxa6 18. Qd3 Rxe3 19. fxe3 Nc5 20. Qc4
Qf6 21. a3 Qg6+ 22. Qc2 Qf6 23. d6 Ra8 24. d7 Bxa3 25. d8=Q+ Rxd8 26. Rxd8+
Qxd8 27. bxa3 a4 28. Rd1 Qf6 29. Rd4 g6 30. Rxa4 Nxa4 31. Qxa4 Qc3 32. Qd4 Qxa3
33. Qxb6 Qd3+ 34. Kc1 Qf1+ 35. Kc2 Qxg2+ 36. Nd2 Qxh2 37. Qd8+ Kg7 38. Qd4+ Kg8
39. Kd3 h5 40. Ne4 h4 41. Nf6+ Kf8 42. Qd8+ Kg7 43. Qd4 Kf8 44. Nh7+ Kg8 45.
Nf6+ Kf8 {Normal} 1/2-1/2